LEADER 01231nam a2200265 i 4500 001 000000158525 003 CaOOAMICUS 005 20070208000000.0 008 070208s2006 it u000 u ita u 013 $a135888 020 $a88-8102-167-6 040 $aSeMil$bita 100 1 $aPacomio, Luciano,$c.$0(OLS)http://semarc/name/648 245 10$aAmati dal Signore possiamo amare :$blettere pastorali alla Chiesa monregalese ed agli operatori pastorali /$cLuciano Pacomio. 260 $aFossano :$bEditrice Esperienze,$c2006. 300 $a415 p. ;$c21 cm. 500 $aContiene : Bibliografia. - Dono del Card. Dionigi Tettamanzi. 650 4$aPacomio, Luciano - Lettere pastorali.$0(OLS)http://semarc/subject/16999 850 $aSeMil 852 $aSeMil$W1$xVenegono$y1$m2F III 602$j110176$B110176$CSeMilBibl$Z2$F120181 $81 941 1 $a5 961 $aOmaggio: Tettamanzi Card. Dionigi 996 $6020$a88-8102-167-6$9(OLS)http://semarc/number/73990 996 $6245$aAmati dal Signore possiamo amare :$blettere pastorali alla Chiesa monregalese ed agli operatori pastorali$9(OLS)http://semarc/title/140075 996 $6260$aFossano :$bEditrice Esperienze$9(OLS)http://semarc/publisher/32307 LEADER 01098nam a2200253 i 4500 001 000000138263 003 CaOOAMICUS 005 20050812000000.0 008 050812s1996 it u000 u ita u 013 $a112158 020 $a88-86918-03-8 040 $aSeMil$bita 245 10$aCritica della ragione incerta :$bintroduzione al pensiero di Karl Popper /$cdi Stefano Gattei ; Prefazione di Giulio Giorello. 260 $aRoma :$bSocietà Aperta,$c1996. 300 $a256 p. ;$c21 cm. 500 $aContiene : Bibliografia. 600 14$aPopper, Karl Raimund <1902-1994>.$0(OLS)http://semarc/subject/10581 700 1 $aGattei, Stefano,$d<1970- >.$0(OLS)http://semarc/name/55994 850 $aSeMil 852 $aSeMil$W1$xVenegono$y1$m1112 1 1 *$j91757$B91757$CSeMilBibl$Z2$F96925 $81 961 $aOmaggio: Elli don Michele 996 $6020$a88-86918-03-8$9(OLS)http://semarc/number/126131 996 $6245$aCritica della ragione incerta :$bintroduzione al pensiero di Karl Popper$9(OLS)http://semarc/title/202095 996 $6260$aRoma :$bSocietà Aperta$9(OLS)http://semarc/publisher/33654